| 000 | 00952cam a2200265Ia 4500 | ||
|---|---|---|---|
| 001 | 39219 | ||
| 005 | 20230410101711.0 | ||
| 008 | 881020s1988 fr abo c 000 0 fre d | ||
| 035 | _a(OCoLC)ocm18648610 | ||
| 040 |
_aVZS _cVZS _dOCLCQ |
||
| 019 |
_a18769258 _a20045409 |
||
| 050 | 1 | 4 |
_a110 N 6606 _bH153 1988 |
| 245 | 0 | 0 |
_aHaiti : _bart naif, art vaudou / _c[exhibition] Galeries Nationales du Grand Palais 1988. |
| 260 |
_aParis : _bGaleries Nationales du Grand Palais ; _aRome : _bEdizioni Carte Segrete, _c1988. |
||
| 300 |
_a276 p. : _bill. (some col.) ; _c24 cm. |
||
| 500 | _aConception du catalogue: Jean-Marie Drot. | ||
| 500 | _a"Un hommage á André Breton et André Malraux." | ||
| 650 | 0 |
_aPrimitivism in art _zHaiti _vExhibitions. |
|
| 650 | 4 | _aCEH | |
| 650 | 4 | _aColección Estudios Haitianos | |
| 651 | 0 |
_aHaiti _xArt _vExhibitions. |
|
| 710 | 2 | _aGaleries nationales du Grand Palais (France) | |
| 942 |
_2lcc _cbk |
||
| 994 |
_aC0 _bDRFGD |
||
| 999 |
_c12326 _d12326 |
||